[Event "Open Qualificatif Salon"]
[Site "?"]
[Date "2006.02.18"]
[Round "4"]
[White "Person, Claude"]
[Black "Scharff, Georges"]
[Result "0-1"]
[WhiteElo "1340"]
[BlackElo "1700"]
[PlyCount "186"]
[EventDate "2006.01.20"]
[SourceDate "2005.12.04"]

1. e4 e6 2. Bc4 d5 3. exd5 exd5 4. Qe2+ Be7 5. Bb3 Nf6 6. d4 O-O 7. Nf3 Nc6 8.
c3 Bg4 9. O-O Re8 10. Be3 Bd6 11. Nbd2 Re7 12. Qd1 Ne4 13. Re1 Qe8 14. Bxd5 Rd8
15. Bxe4 Rxe4 16. Nxe4 Qxe4 17. Bg5 Bxf3 18. gxf3 Qg6 19. Qd2 h6 20. h4 hxg5
21. Qxg5 Qxg5+ 22. hxg5 Bf4 23. g6 fxg6 24. Re4 g5 25. Rd1 Kf7 26. b3 Ne5 27.
Kg2 Ng6 28. Kh3 Rh8+ 29. Kg2 Nh4+ 30. Kf1 Nxf3 31. Ke2 Nh4 32. Rd3 Nf5 33. d5
Re8 34. Rxe8 Kxe8 35. a4 Nd6 36. Kf3 Kf7 37. c4 b6 38. Rd1 Nf5 39. b4 Nd6 40.
c5 bxc5 41. bxc5 Nb7 42. c6 Nd6 43. Rb1 a5 44. Rb8 Nc4 45. Rb5 Bd2 46. Ke2 Bb4
47. Rb7 Bd6 48. Ra7 Kf6 49. Kd3 Nb2+ 50. Ke4 Nxa4 51. Rxa5 Nc5+ 52. Kf3 Kf5 53.
Rb5 g4+ 54. Kg2 g5 55. Rb1 Nd3 56. Rd1 Nf4+ 57. Kf1 Ke5 58. Kg1 Nxd5 59. Re1+
Kf4 60. Kg2 Nb4 61. Rc1 Kf5 62. Rc4 Nd3 63. Rd4 Nf4+ 64. Kf1 Ne6 65. Rc4 g3 66.
fxg3 Bxg3 67. Rc3 Bf4 68. Kf2 g4 69. Rd3 Bd6 70. Rd5+ Kf4 71. Rd2 g3+ 72. Kg2
Ke3 73. Rc2 Kd3 74. Ra2 Nd4 75. Ra5 Nxc6 76. Rh5 Ke3 77. Rf5 Nd4 78. Rf6 Be5
79. Rf7 c6 80. Re7 Ke4 81. Re8 Nf5 82. Rc8 Kd5 83. Rd8+ Nd6 84. Ra8 c5 85. Ra5
Kd4 86. Kf3 c4 87. Ra1 c3 88. Rd1+ Kc4 89. Ke2 Nf5 90. Kf3 Bd4 91. Ke4 g2 92.
Kxf5 g1=Q 93. Rxg1 Bxg1 0-1

[Event "Open Qualificatif Salon"]
[Site "?"]
[Date "2006.02.18"]
[Round "4"]
[White "Briquet, Xavier"]
[Black "Frailinu, Jean-Bernard"]
[Result "1/2-1/2"]
[WhiteElo "1490"]
[BlackElo "1550"]
[PlyCount "84"]
[EventDate "2006.01.20"]
[SourceDate "2005.12.04"]

1. e4 e6 2. d4 d5 3. e5 c5 4. c3 Nc6 5. Nf3 Qb6 6. b3 Nh6 7. Bxh6 gxh6 8. Be2
Bg7 9. Na3 a6 10. Nc2 Bd7 11. Ne3 O-O-O 12. O-O Rhg8 13. Ng4 h5 14. Nf6 Bxf6
15. exf6 Rg6 16. Ne5 Nxe5 17. dxe5 Rdg8 18. g3 h4 19. Bf3 hxg3 20. hxg3 c4 21.
Qd4 Qxd4 22. cxd4 cxb3 23. Rfc1+ Kb8 24. axb3 Rh8 25. Rc5 h5 26. Rac1 Bc6 27.
Kg2 h4 28. g4 h3+ 29. Kh2 Ka7 30. Be2 Rhg8 31. f3 Rc8 32. b4 Kb6 33. b5 axb5
34. Bxb5 Rh6 35. Bxc6 Rxc6 36. Rxc6+ bxc6 37. Rc3 Kb5 38. Rc5+ Kb6 39. Rc3 Kb5
40. Rc5+ Kb6 41. Rc3 Kb5 42. Rc5+ Kb6 1/2-1/2

[Event "Open Qualificatif Salon"]
[Site "?"]
[Date "2006.01.28"]
[Round "5"]
[White "Marcou, Thomas"]
[Black "Lemoine, Edwin"]
[Result "1-0"]
[WhiteElo "1099"]
[BlackElo "1099"]
[PlyCount "53"]
[EventDate "2006.01.20"]
[SourceDate "2005.12.04"]

1. e4 e5 2. Nf3 Nc6 3. Bc4 Nf6 4. Ng5 d5 5. Bb5 Bd7 6. Nc3 h6 7. exd5 Nb4 8.
Nf3 Qe7 9. O-O a6 10. Ba4 e4 11. Re1 O-O-O 12. Bxd7+ Rxd7 13. d3 Nfxd5 14. Nxe4
b6 15. Neg5 Qd8 16. Ne4 Re7 17. Re2 f5 18. Ng3 g6 19. Ne5 Bg7 20. Nxg6 Rhe8 21.
Nxe7+ Rxe7 22. Rxe7 Qxe7 23. Nxf5 Qf6 24. Nxg7 Qxg7 25. Qd2 Qg5 26. Qxg5 hxg5
27. Bxg5 1-0

[Event "Open Qualificatif Salon"]
[Site "?"]
[Date "2006.01.28"]
[Round "5"]
[White "Scharff, Georges"]
[Black "Dufresne, Said"]
[Result "1/2-1/2"]
[WhiteElo "1700"]
[BlackElo "1520"]
[PlyCount "43"]
[EventDate "2006.01.20"]
[SourceDate "2005.12.04"]

1. e4 e6 2. d4 d5 3. Nc3 Nf6 4. Bd3 c5 5. Bg5 Be7 6. dxc5 Nbd7 7. b4 h6 8. Bh4
Ne5 9. Bb5+ Bd7 10. exd5 Nxd5 11. Bxe7 Qxe7 12. Nxd5 exd5 13. Bxd7+ Qxd7 14.
Ne2 Rd8 15. Nd4 O-O 16. O-O Nc6 17. c3 Rfe8 18. Re1 Re4 19. Rxe4 dxe4 20. Qd2
Nxd4 21. cxd4 Qxd4 22. Qxd4 1/2-1/2

[Event "Open Qualificatif Salon"]
[Site "?"]
[Date "2006.01.28"]
[Round "5"]
[White "Dufresne, Ali"]
[Black "Person, Claude"]
[Result "0-1"]
[WhiteElo "1160"]
[BlackElo "1340"]
[PlyCount "92"]
[EventDate "2006.01.20"]
[SourceDate "2005.12.04"]

1. e4 e5 2. Nf3 Nc6 3. b3 d6 4. Nc3 Nf6 5. Bb2 Bg4 6. Be2 Qd7 7. h3 Bxf3 8.
Bxf3 h5 9. Nd5 Be7 10. O-O g6 11. c4 O-O-O 12. a3 Kb8 13. Be2 Nxe4 14. f3 Ng3
15. b4 Nxf1 16. Bxf1 Bg5 17. d3 Ne7 18. Qc2 Nxd5 19. cxd5 Qf5 20. Bc1 Bh4 21.
Be3 Bg3 22. Kh1 f6 23. b5 Rc8 24. Rb1 g5 25. Qa4 b6 26. Qe4 Qd7 27. d4 f5 28.
Qc2 g4 29. Qc6 Qe7 30. a4 f4 31. Bd2 exd4 32. Qc1 Rhf8 33. Bd3 gxf3 34. gxf3
Qh4 35. Kg2 Rg8 36. Bf5 Bf2+ 37. Kf1 Rg1+ 38. Ke2 Rxc1 39. Rxc1 Re8+ 40. Kd3
Be3 41. Re1 Qf2 42. Kc2 Qxd2+ 43. Kb3 Qxe1 44. Bc2 Qc3+ 45. Ka2 Bc1 46. Kb1
Qb2# 0-1

[Event "Open Qualificatif Salon"]
[Site "?"]
[Date "2006.01.28"]
[Round "5"]
[White "Frailinu, Jean-Bernard"]
[Black "Barabe, Etienne"]
[Result "1-0"]
[WhiteElo "1550"]
[BlackElo "1199"]
[PlyCount "59"]
[EventDate "2006.01.20"]
[SourceDate "2005.12.04"]

1. Nf3 Nf6 2. c4 Nc6 3. Nc3 d6 4. d4 e6 5. g3 g6 6. Bg2 Bg7 7. O-O Nd7 8. b3
O-O 9. Bb2 f5 10. d5 exd5 11. Qxd5+ Kh8 12. Rab1 Re8 13. e3 Nf6 14. Qd1 Ng4 15.
Nd5 Nce5 16. h3 Nf6 17. Re1 Nxd5 18. Qxd5 Nxf3+ 19. Qxf3 Bxb2 20. Rxb2 Qf6 21.
Rd2 h5 22. Red1 Rf8 23. Qd5 Qe6 24. Qxe6 Bxe6 25. Bxb7 Rae8 26. Rc1 f4 27. exf4
h4 28. Kh2 hxg3+ 29. fxg3 g5 30. fxg5 1-0

[Event "Open Qualificatif Salon"]
[Site "?"]
[Date "2006.01.28"]
[Round "5"]
[White "Regaud, Denis"]
[Black "Jullien, Patrick"]
[Result "1-0"]
[WhiteElo "1710"]
[BlackElo "1680"]
[PlyCount "51"]
[EventDate "2006.01.20"]
[SourceDate "2005.12.04"]

1. d4 f5 2. c4 Nf6 3. Nc3 e6 4. g3 Be7 5. Bg2 c6 6. Nh3 O-O 7. O-O d5 8. Qd3
Na6 9. a3 c5 10. cxd5 cxd4 11. Qxd4 Nc5 12. Qc4 Kh8 13. Be3 exd5 14. Bxd5 Nce4
15. Bxe4 Nxe4 16. Nxe4 fxe4 17. Nf4 Bf6 18. Rad1 Qe8 19. Rd2 Bf5 20. Qd5 Be5
21. Rfd1 Bxf4 22. Bxf4 e3 23. Bxe3 Be4 24. Qd4 h6 25. Bxh6 Qg6 26. Bxg7+ 1-0

[Event "Open Qualificatif Salon"]
[Site "?"]
[Date "2006.01.28"]
[Round "5"]
[White "Nari, Damien"]
[Black "Porte, Jacques"]
[Result "1-0"]
[WhiteElo "1642"]
[BlackElo "1620"]
[PlyCount "45"]
[EventDate "2006.01.20"]
[SourceDate "2005.12.04"]

1. e4 e5 2. Nc3 Nf6 3. Bc4 c6 4. f4 b5 5. Bb3 b4 6. fxe5 bxc3 7. exf6 cxd2+ 8.
Bxd2 Qxf6 9. Ne2 Bc5 10. Rf1 Qh4+ 11. g3 Qxe4 12. Bxf7+ Kd8 13. Bc3 Bb4 14. Qd2
Bxc3 15. Qxc3 d5 16. Bh5 Rg8 17. Qa5+ Kd7 18. Rf7+ Ke6 19. Qc7 Qb4+ 20. c3 Qd6
21. Nd4+ Ke5 22. Re7+ Be6 23. Rxe6# 1-0

[Event "Open Qualificatif Salon"]
[Site "?"]
[Date "2006.01.28"]
[Round "5"]
[White "Charrier, Patrick"]
[Black "Guyard, Gerard"]
[Result "1-0"]
[WhiteElo "1380"]
[BlackElo "1490"]
[PlyCount "153"]
[EventDate "2006.01.20"]
[SourceDate "2005.12.04"]

1. d4 Nf6 2. c4 c5 3. Nf3 cxd4 4. Nxd4 e5 5. Nb5 d6 6. h3 Be7 7. Bg5 O-O 8.
Bxf6 Bxf6 9. Qxd6 Na6 10. Qxd8 Rxd8 11. a3 Bf5 12. e3 Nc5 13. N1c3 Bd3 14. b4
Bxf1 15. Rxf1 Nd3+ 16. Ke2 a6 17. Nc7 Rac8 18. N3d5 e4 19. Ra2 Kf8 20. f4 Rxd5
21. Nxd5 Rxc4 22. Nxf6 gxf6 23. Kd2 f5 24. Rc2 Rxc2+ 25. Kxc2 Ke7 26. g4 Ke6
27. gxf5+ Kxf5 28. Rg1 h6 29. Kd2 Nb2 30. Kc3 Nd3 31. Kd2 Nb2 32. Ke2 Nc4 33.
a4 b5 34. axb5 axb5 35. Rg8 Nd6 36. Kd2 Nc4+ 37. Ke2 Nd6 38. Ra8 Ke6 39. Ra1
Kf5 40. Rb1 Nc4 41. Rb3 Ke6 42. Kf2 f5 43. Rb1 h5 44. Rg1 Kf6 45. Rg5 h4 46.
Rh5 Na3 47. Rxh4 Kg7 48. Rh5 Kg6 49. Rh8 Nc2 50. Rb8 Nxb4 51. Rxb5 Nd3+ 52. Kg3
Kf6 53. Rb6+ Ke7 54. h4 Nc5 55. Rg6 Kf7 56. Rg5 Kf6 57. Kf2 Ne6 58. Rg3 Ng7 59.
Ke2 Nh5 60. Rh3 Kf7 61. Kd2 Nf6 62. Kc3 Nh5 63. Kd4 Ke6 64. Kc5 Kf6 65. Kd5 Kg6
66. Rh1 Nf6+ 67. Ke6 Ng4 68. h5+ Kh6 69. Kxf5 Nxe3+ 70. Kxe4 Ng4 71. Kf5 Ne3+
72. Ke6 Ng2 73. f5 Nf4+ 74. Kd7 Kg5 75. h6 Kxf5 76. Rf1 Kg5 77. Rxf4 1-0

[Event "Open Qualificatif Salon"]
[Site "?"]
[Date "2006.01.28"]
[Round "5"]
[White "Alard, Francis"]
[Black "Briquet, Xavier"]
[Result "1-0"]
[WhiteElo "1720"]
[BlackElo "1490"]
[PlyCount "81"]
[EventDate "2006.01.20"]
[SourceDate "2005.12.04"]

1. e4 d5 2. exd5 Qxd5 3. Nf3 Bf5 4. c4 Qa5 5. Nc3 c6 6. d4 Nf6 7. Bd2 Qc7 8.
Qc1 e6 9. h3 Nbd7 10. Nh4 Bg6 11. Nxg6 hxg6 12. Be2 b6 13. Bf4 Bd6 14. Bxd6
Qxd6 15. Qe3 O-O-O 16. O-O-O Rhe8 17. Qf3 g5 18. Kb1 Nb8 19. g3 e5 20. d5 cxd5
21. cxd5 Nxd5 22. Rxd5 Qg6+ 23. Ka1 f5 24. Qd3 e4 25. Qc4+ Kb7 26. Rxd8 Rxd8
27. Rd1 Rc8 28. Qa4 Qe6 29. Nb5 Na6 30. Nd4 Qe7 31. Qxa6+ Kb8 32. Qa3 Qc7 33.
Qc3 Qb7 34. Qe3 Qc7 35. Qxg5 Qc5 36. Qf4+ Ka8 37. Nb3 Qc2 38. Rc1 Qxe2 39.
Rxc8+ Kb7 40. Qc7+ Ka6 41. Qc4+ 1-0

[Event "Open Qualificatif Salon"]
[Site "?"]
[Date "2006.03.18"]
[Round "6"]
[White "Nari, Damien"]
[Black "Frailinu, Jean-Bernard"]
[Result "1-0"]
[WhiteElo "1642"]
[BlackElo "1550"]
[PlyCount "71"]
[EventDate "2006.01.20"]
[SourceDate "2005.12.04"]

1. e4 e6 2. d4 d5 3. Nc3 Nf6 4. Bg5 Be7 5. e5 Nfd7 6. Bxe7 Qxe7 7. f4 Qb4 8. a3
Qe7 9. Nf3 a6 10. Bd3 c5 11. O-O Nc6 12. dxc5 Nxc5 13. Be2 b5 14. b4 Nd7 15.
Nd4 Bb7 16. Nb3 Nb6 17. Nc5 O-O 18. Bd3 f5 19. g4 Bc8 20. gxf5 exf5 21. Qf3 Qf7
22. Ne2 Kh8 23. h4 Ne7 24. Nd4 g6 25. Kf2 Re8 26. h5 Rg8 27. hxg6 hxg6 28. Rh1+
Kg7 29. Rag1 Nc4 30. Bxc4 bxc4 31. Rh4 Kf8 32. Qg3 Ke8 33. Rgh1 Kd8 34. Rh7 Rg7
35. Rxg7 Qxg7 36. Nde6+ 1-0

[Event "Open Qualificatif Salon"]
[Site "?"]
[Date "2006.03.18"]
[Round "6"]
[White "Porte, Jacques"]
[Black "Regaud, Denis"]
[Result "1-0"]
[WhiteElo "1620"]
[BlackElo "1680"]
[PlyCount "69"]
[EventDate "2006.01.20"]
[SourceDate "2005.12.04"]

1. e4 c5 2. Nf3 d6 3. Nc3 Nf6 4. d3 g6 5. d4 cxd4 6. Nxd4 Bg7 7. f3 a6 8. Be3
Qc7 9. Qd2 Nc6 10. g4 b5 11. Nxc6 Qxc6 12. Bd4 O-O 13. g5 Nd7 14. Bxg7 Kxg7 15.
O-O-O Nb6 16. h4 Be6 17. h5 Qc5 18. Kb1 Rac8 19. Qd4+ Qxd4 20. Rxd4 Rc5 21. Rh2
Rxg5 22. Ne2 Bc4 23. h6+ Kg8 24. b3 Bxe2 25. Bxe2 Ra8 26. Kb2 a5 27. f4 Rc5 28.
Bg4 b4 29. f5 g5 30. f6 exf6 31. Rxd6 Rb8 32. Rxf6 Nc8 33. Bh5 Rc7 34. Rd2 Ne7
35. Bxf7+ 1-0

[Event "Open Qualificatif Salon"]
[Site "?"]
[Date "2006.03.18"]
[Round "6"]
[White "Jullien, Patrick"]
[Black "Charrier, Patrick"]
[Result "0-1"]
[WhiteElo "1710"]
[BlackElo "1380"]
[PlyCount "38"]
[EventDate "2006.01.20"]
[SourceDate "2005.12.04"]

1. e4 c5 2. Nf3 d6 3. d4 cxd4 4. Nxd4 Nf6 5. Nc3 e6 6. Bg5 Be7 7. Qd2 a6 8.
O-O-O b5 9. g3 Qc7 10. Kb1 Nbd7 11. Bd3 Nb6 12. Rhe1 Nc4 13. Bxc4 bxc4 14. f4
Bb7 15. f5 e5 16. Nf3 Bc6 17. Bxf6 Bxf6 18. Nd5 Qb7 19. Qc3 Rb8 {
notation illisible} 0-1

[Event "Open Qualificatif Salon"]
[Site "?"]
[Date "2006.03.25"]
[Round "6"]
[White "Dufresne, Said"]
[Black "Alard, Francis"]
[Result "1-0"]
[WhiteElo "1520"]
[BlackElo "1720"]
[PlyCount "55"]
[EventDate "2006.01.20"]
[SourceDate "2005.12.04"]

1. e4 c5 2. Bc4 d6 3. Nc3 Nf6 4. Nge2 g6 5. d4 Bg7 6. dxc5 O-O 7. cxd6 Qxd6 8.
Qxd6 exd6 9. Bf4 Rd8 10. O-O-O Ng4 11. Rxd6 Rxd6 12. Bxd6 Be6 13. Bxe6 fxe6 14.
f3 Ne3 15. g3 Nc4 16. Rd1 Nc6 17. b3 Nb6 18. Nb5 Kf7 19. Bc5 Ne5 20. f4 Ned7
21. Ba3 a6 22. Nd6+ Kg8 23. Nxb7 Rc8 24. e5 Nd5 25. c4 Rc7 26. Nd8 Bf8 27. Kb2
Bxa3+ 28. Kxa3 1-0

[Event "Open Qualificatif Salon"]
[Site "?"]
[Date "2006.03.18"]
[Round "6"]
[White "Briquet, Xavier"]
[Black "Scharff, Georges"]
[Result "1/2-1/2"]
[WhiteElo "1490"]
[BlackElo "1630"]
[PlyCount "66"]
[EventDate "2006.01.20"]
[SourceDate "2005.12.04"]

1. e4 e6 2. d4 d5 3. exd5 exd5 4. Nf3 Nc6 5. c4 Bb4+ 6. Nc3 Bg4 7. Be2 Nf6 8.
O-O O-O 9. Bg5 Bxc3 10. bxc3 Bxf3 11. Bxf3 dxc4 12. Qa4 h6 13. Bh4 g5 14. Bg3
Qd7 15. Qxc4 Rac8 16. Rfe1 Na5 17. Qd3 c5 18. Be5 c4 19. Qc2 Nd5 20. h3 f5 21.
g4 Ne7 22. Rad1 Nac6 23. gxf5 Nxf5 24. Bg4 Qf7 25. d5 Nxe5 26. Rxe5 Nh4 27. Be6
Nf3+ 28. Kf1 Nxe5 29. Bxf7+ Rxf7 30. Qe2 Rf5 31. d6 Rcf8 32. d7 Nd3 33. Qe6+
Kg7 1/2-1/2

[Event "Open Qualificatif Salon"]
[Site "?"]
[Date "2006.03.18"]
[Round "6"]
[White "Person, Claude"]
[Black "Marcou, Thomas"]
[Result "1-0"]
[WhiteElo "1340"]
[BlackElo "1400"]
[PlyCount "67"]
[EventDate "2006.01.20"]
[SourceDate "2005.12.04"]

1. e4 e5 2. Nf3 Nc6 3. Bb5 a6 4. Bxc6 dxc6 5. O-O Nf6 6. d3 Bc5 7. Bg5 O-O 8.
Nxe5 Bd4 9. c3 Bxe5 10. d4 Bd6 11. e5 h6 12. Bxf6 Be7 13. Bxe7 Qxe7 14. Nd2 Rd8
15. h3 Bf5 16. Nb3 b6 17. Qf3 g6 18. Rfe1 c5 19. Re2 Qg5 20. Qg3 Qh5 21. f3 Be6
22. Nd2 cxd4 23. c4 Qf5 24. Qf2 Rab8 25. g4 Qc2 26. Ne4 Qxc4 27. b3 Qd3 28.
Rae1 f5 29. exf6 c5 30. Kg2 Re8 31. Nd6 Qc3 32. Rxe6 Rxe6 33. Rxe6 Rc8 34. Nxc8
1-0

[Event "Open Qualificatif Salon"]
[Site "?"]
[Date "2006.04.08"]
[Round "7"]
[White "Dufresne, Said"]
[Black "Nari, Damien"]
[Result "1-0"]
[WhiteElo "1520"]
[BlackElo "1642"]
[PlyCount "67"]
[EventDate "2006.01.20"]
[SourceDate "2005.12.04"]

1. Nf3 d5 2. d4 Nf6 3. g3 Bf5 4. Bg2 e6 5. O-O Bd6 6. Nh4 Bg6 7. Bg5 Nbd7 8.
Nd2 c5 9. c4 h6 10. Nxg6 fxg6 11. dxc5 Bxc5 12. Bxf6 Nxf6 13. cxd5 Nxd5 14.
Qa4+ Kf7 15. Ne4 Bb6 16. Rad1 Qe7 17. Rd3 Rhd8 18. Nc3 Nxc3 19. Rxc3 Rd2 20.
Qf4+ Kg8 21. Qxd2 Rd8 22. Rd3 Rf8 23. Rf3 Rd8 24. Qc2 Qd7 25. Rd3 Rc8 26. Rc3
Rf8 27. Rf3 Rc8 28. Qxg6 Rc5 29. Bh3 Re5 30. Rd3 Qe7 31. Rfd1 Rxe2 32. Rf3 Re5
33. Rc1 Qd7 34. Rd3 1-0

[Event "Open Qualificatif Salon"]
[Site "?"]
[Date "2006.04.08"]
[Round "7"]
[White "Regaud, Denis"]
[Black "Charrier, Patrick"]
[Result "1-0"]
[WhiteElo "1680"]
[BlackElo "1380"]
[PlyCount "66"]
[EventDate "2006.01.20"]
[SourceDate "2005.12.04"]

1. d4 d5 2. c4 e6 3. Nc3 Nf6 4. cxd5 Nxd5 5. e4 Nxc3 6. bxc3 c5 7. Nf3 cxd4 8.
cxd4 Bb4+ 9. Bd2 Qa5 10. Bxb4 Qxb4+ 11. Qd2 Qxd2+ 12. Kxd2 O-O 13. Bc4 b6 14.
Ke3 Ba6 15. Rhc1 Rc8 16. Bb5 Bb7 17. Rxc8+ Bxc8 18. Rc1 Na6 19. Ne5 Bb7 20. a3
Rc8 21. Rxc8+ Bxc8 22. Nc6 Nc7 23. Nxa7 Ba6 24. Bxa6 Nxa6 25. Kd3 Nc7 26. Kc4
f5 27. f3 fxe4 28. fxe4 Kf7 29. Nc8 b5+ 30. Kc5 Ke8 31. Nd6+ Kd7 32. Nxb5 Ne8
33. a4 Nf6 1-0

[Event "Open Qualificatif Salon"]
[Site "?"]
[Date "2006.04.08"]
[Round "7"]
[White "Frailinu, Jean-Bernard"]
[Black "Porte, Jacques"]
[Result "1/2-1/2"]
[WhiteElo "1550"]
[BlackElo "1620"]
[PlyCount "88"]
[EventDate "2006.01.20"]
[SourceDate "2005.12.04"]

1. c4 e6 2. Nc3 Nc6 3. g3 Nf6 4. Bg2 Bc5 5. e3 a6 6. Nf3 e5 7. O-O O-O 8. Re1
Re8 9. d4 exd4 10. exd4 Rxe1+ 11. Qxe1 Nxd4 12. Nxd4 Bxd4 13. Be3 Bxe3 14. Qxe3
d6 15. Re1 Rb8 16. b3 Bd7 17. Qf4 Qf8 18. Ne4 Nxe4 19. Bxe4 g6 20. c5 Re8 21.
Rc1 Rb8 22. cxd6 cxd6 23. Rd1 Bc6 24. Bxc6 bxc6 25. Rxd6 Qe8 26. Qc4 c5 27.
Qxc5 Rc8 28. Qe3 Qxe3 29. fxe3 Rc1+ 30. Kg2 Rc2+ 31. Kh3 Rxa2 32. g4 Rb2 33.
Rd3 Kg7 34. Kg3 Kf6 35. h4 h6 36. Kf3 Ke5 37. Rd7 Ke6 38. Ra7 Rxb3 39. Rxa6+
Ke7 40. g5 h5 41. Kf4 Rb4+ 42. e4 Rb3 43. Ra7+ Ke6 44. Ra6+ Ke7 1/2-1/2

[Event "Open Qualificatif Salon"]
[Site "?"]
[Date "2006.04.08"]
[Round "7"]
[White "Jullien, Patrick"]
[Black "Briquet, Xavier"]
[Result "0-1"]
[WhiteElo "1710"]
[BlackElo "1490"]
[PlyCount "74"]
[EventDate "2006.01.20"]
[SourceDate "2005.12.04"]

1. Nf3 Nc6 2. d4 d5 3. g3 g6 4. Bg2 Bg7 5. O-O Nf6 6. Nc3 O-O 7. Bd2 Ne4 8. Bf4
Nxc3 9. bxc3 Bf5 10. Nd2 Re8 11. e4 dxe4 12. Bxe4 Bxe4 13. Nxe4 Qd5 14. Nc5 e5
15. Be3 exd4 16. cxd4 Nxd4 17. c3 Nf3+ 18. Kh1 Qc6 19. Qc1 Nh4+ 20. f3 Nxf3 21.
Rf2 Ng5+ 22. Rg2 Ne4 23. Nxe4 Qxe4 24. Bd4 Bxd4 25. cxd4 Qxd4 26. Rd2 Qe4+ 27.
Kg1 Qe3+ 28. Kh1 c6 29. Qb2 b6 30. Rad1 Qf3+ 31. Kg1 h5 32. Rf1 Qe3+ 33. Kh1
Qe5 34. Qb3 Qe6 35. Qd1 Rac8 36. Rd6 Qxa2 37. Rf2 Qxf2 0-1

[Event "Open Qualificatif Salon"]
[Site "?"]
[Date "2006.04.08"]
[Round "7"]
[White "Guyard, Gerard"]
[Black "Brunie, Luce"]
[Result "1-0"]
[WhiteElo "1490"]
[BlackElo "1390"]
[PlyCount "79"]
[EventDate "2006.01.20"]
[SourceDate "2005.12.04"]

1. d4 d5 2. e4 e6 3. c4 c5 4. Nf3 dxe4 5. Nfd2 Nc6 6. Nxe4 cxd4 7. Bd3 e5 8.
O-O Bf5 9. Qf3 Bxe4 10. Bxe4 Nf6 11. Bxc6+ bxc6 12. Qxc6+ Nd7 13. Re1 f6 14.
Nd2 Rc8 15. Qe6+ Qe7 16. Qa6 Nc5 17. Qxc8+ Qd8 18. Qxd8+ Kxd8 19. Ne4 Ne6 20.
a3 Be7 21. b4 f5 22. Nc5 Nxc5 23. bxc5 e4 24. Rb1 Kc7 25. Bf4+ Kc6 26. Rb8 Rxb8
27. Bxb8 Bxc5 28. Rd1 d3 29. Kf1 a6 30. a4 Bb4 31. Bf4 a5 32. Be3 h6 33. Bd2
Kc5 34. Bxb4+ axb4 35. a5 Kxc4 36. a6 Kc3 37. a7 Kc2 38. Ra1 d2 39. Ke2 b3 40.
a8=Q 1-0

[Event "Open Qualificatif Salon"]
[Site "?"]
[Date "2006.04.08"]
[Round "7"]
[White "Marcou, Thomas"]
[Black "Dufresne, Ali"]
[Result "1-0"]
[WhiteElo "1099"]
[BlackElo "1160"]
[PlyCount "23"]
[EventDate "2006.01.20"]
[SourceDate "2005.12.04"]

1. e4 e5 2. Nf3 Nc6 3. Bc4 Nf6 4. Nc3 d6 5. Ng5 d5 6. exd5 Na5 7. Bb5+ Bd7 8.
a4 Ng4 9. Qxg4 f5 10. Qxf5 Bxb5 11. axb5 Nc4 12. Qf7# 1-0

[Event "Open Qualificatif Salon"]
[Site "?"]
[Date "2006.05.13"]
[Round "8"]
[White "Nari, Damien"]
[Black "Scharff, Georges"]
[Result "1-0"]
[WhiteElo "1642"]
[BlackElo "1700"]
[PlyCount "55"]
[EventDate "2006.01.20"]
[SourceDate "2005.12.04"]

1. e4 e6 2. d4 d5 3. Nc3 Bb4 4. e5 c5 5. a3 Bxc3+ 6. bxc3 c4 7. Qg4 Kf8 8. h4
h5 9. Qh3 Nh6 10. Bxh6 Rxh6 11. f3 f5 12. Be2 g5 13. hxg5 Qxg5 14. Qh4 Qxh4+
15. Rxh4 Bd7 16. g4 Be8 17. gxf5 exf5 18. f4 Ke7 19. Bf3 Nd7 20. Bxd5 Nf8 21.
Ne2 Ng6 22. Rh2 h4 23. Bxc4 Rc8 24. Bd3 Ke6 25. c4 Bc6 26. d5+ Bxd5 27. cxd5+
Kxd5 28. Bxf5 1-0

[Event "Open Qualificatif Salon"]
[Site "?"]
[Date "2006.05.13"]
[Round "8"]
[White "Regaud, Denis"]
[Black "Dufresne, Said"]
[Result "1-0"]
[WhiteElo "1690"]
[BlackElo "1520"]
[PlyCount "85"]
[EventDate "2006.01.20"]
[SourceDate "2005.12.04"]

1. c4 c5 2. Nc3 Nf6 3. Nf3 Nc6 4. d4 cxd4 5. Nxd4 e5 6. Nc2 Be7 7. e4 Nb4 8.
Ne3 a6 9. Be2 O-O 10. O-O Nc6 11. Ned5 Nxd5 12. Nxd5 Bc5 13. Be3 Bxe3 14. Nxe3
Nd4 15. Nd5 d6 16. Bg4 f5 17. exf5 Bxf5 18. Bxf5 Rxf5 19. Qd3 Qg5 20. f4 Qd8
21. fxe5 Rxf1+ 22. Rxf1 dxe5 23. Qe4 Nc6 24. Qf5 Qd6 25. Qf7+ Kh8 26. Qxb7 Rb8
27. Qxa6 Qc5+ 28. Kh1 h6 29. b3 Rf8 30. Rxf8+ Qxf8 31. h3 Nb4 32. Nxb4 Qxb4 33.
Qc8+ Kh7 34. Qf5+ Kh8 35. Qxe5 Qa3 36. Qc3 Qxa2 37. c5 Qa6 38. Kg1 h5 39. c6
Qa7+ 40. Kh1 Qc7 41. Qc5 g6 42. b4 h4 43. Qd4+ 1-0

[Event "Open Qualificatif Salon"]
[Site "?"]
[Date "2006.05.13"]
[Round "8"]
[White "Porte, Jacques"]
[Black "Briquet, Xavier"]
[Result "1-0"]
[WhiteElo "1620"]
[BlackElo "1490"]
[PlyCount "73"]
[EventDate "2006.01.20"]
[SourceDate "2005.12.04"]

1. e4 d5 2. Nc3 d4 3. Nb1 e5 4. Bc4 Nf6 5. d3 Be7 6. Nf3 Nc6 7. Bd2 O-O 8. a3
Bg4 9. h3 Bh5 10. g4 Bg6 11. Nh4 Qd7 12. Nxg6 hxg6 13. f4 exf4 14. Bxf4 Bd6 15.
Qf3 Ne5 16. Bxe5 Bxe5 17. Nd2 b5 18. Bb3 Qd6 19. O-O-O c5 20. Rhf1 g5 21. Kb1
Bf4 22. h4 Bxd2 23. Rxd2 gxh4 24. g5 Nh7 25. Rg2 Rac8 26. Qe2 Qe5 27. Rf5 Qc7
28. Bd5 c4 29. g6 Nf6 30. Rxf6 cxd3 31. Qh5 Rfe8 32. Qh7+ Kf8 33. Rxf7+ Qxf7
34. gxf7 dxc2+ 35. Rxc2 Rxc2 36. Kxc2 Rc8+ 37. Kd3 1-0

[Event "Open Qualificatif Salon"]
[Site "?"]
[Date "2006.05.13"]
[Round "8"]
[White "Person, Claude"]
[Black "Guyard, Gerard"]
[Result "0-1"]
[WhiteElo "1340"]
[BlackElo "1540"]
[PlyCount "120"]
[EventDate "2006.01.20"]
[SourceDate "2005.12.04"]

1. e4 d6 2. Nc3 Nf6 3. g3 g6 4. d3 Bg7 5. Bd2 O-O 6. Bg2 c6 7. Na4 Ne8 8. Rb1
b5 9. Nc3 Nd7 10. Nce2 Ne5 11. h3 a5 12. f4 Nd7 13. c3 Nc5 14. Be3 Nb7 15. Nf3
e6 16. d4 b4 17. Qd2 Nf6 18. Nh2 Qc7 19. O-O d5 20. e5 Ne4 21. Qc2 c5 22. Bxe4
dxe4 23. Qxe4 cxd4 24. cxd4 Qb8 25. Rfc1 Nd8 26. Kf2 Bb7 27. Qd3 Nc6 28. Rc5
Ne7 29. Rbc1 Nd5 30. Bd2 f6 31. Nf3 fxe5 32. Rb5 Qa7 33. Rcc5 Ba6 34. Rxa5 Bxd3
35. Rxa7 Rxa7 36. Nc1 Be4 37. dxe5 Bxf3 38. Kxf3 Bxe5 39. Nd3 Bg7 40. Nxb4 Nxb4
41. Bxb4 Rb8 42. Ba3 Bxb2 43. Bxb2 Rxb2 44. Rc6 Kf7 45. Rc8 Rbxa2 46. Rh8 R2a3+
47. Kg4 Kg7 48. Re8 R7a6 49. Re7+ Kg8 50. Re8+ Kf7 51. Rh8 h5+ 52. Kh4 Kg7 53.
Re8 Re3 54. Re7+ Kf6 55. Re8 Raa3 56. Rf8+ Kg7 57. Rf5 exf5 58. g4 fxg4 59.
hxg4 hxg4 60. Kg5 g3 0-1

[Event "Open Qualificatif Salon"]
[Site "?"]
[Date "2006.05.13"]
[Round "8"]
[White "Marcou, Thomas"]
[Black "Alard, Francis"]
[Result "0-1"]
[WhiteElo "1400"]
[BlackElo "1720"]
[PlyCount "82"]
[EventDate "2006.01.20"]
[SourceDate "2005.12.04"]

1. e4 c5 2. Nf3 d6 3. Nc3 Nf6 4. d3 g6 5. Be2 Bg7 6. O-O O-O 7. Bg5 Nc6 8. Bxf6
Bxf6 9. Nd5 Bg7 10. c3 e6 11. Ne3 a6 12. Qc2 b5 13. Rfd1 Qe7 14. d4 Bb7 15.
dxc5 dxc5 16. Qd2 Rad8 17. Qc2 Ne5 18. Nxe5 Bxe5 19. Ng4 Bg7 20. e5 Qg5 21. h3
f5 22. Rxd8 Rxd8 23. Rd1 Rxd1+ 24. Qxd1 fxg4 25. Bxg4 Bd5 26. Bf3 Qxe5 27. Qd2
Bf8 28. b3 Bd6 29. c4 Qh2+ 30. Kf1 Bxf3 31. gxf3 Qxh3+ 32. Ke2 Qh2 33. cxb5
axb5 34. Qa5 Qe5+ 35. Kf1 b4 36. Qd8+ Bf8 37. Qd7 Qd5 38. Qb5 Qxf3 39. Qc4 Qd5
40. Qc2 Bg7 41. Qe2 Qh1# 0-1